| 000 | 00722nam a22002057a 4500 | ||
|---|---|---|---|
| 005 | 20150124123832.0 | ||
| 008 | 121008t nyu||||| |||| 00| 0 eng d | ||
| 020 | _a0412097303 | ||
| 050 | 0 | 4 |
_aQP631 _bS64 1977 |
| 245 | 0 | 4 |
_aThe specificity and action of animal, bacterial and plants toxins / _cEditor P. Cuatrecasas |
| 250 | _a1a ed. | ||
| 260 |
_aNew York : _bChapman and Hall, _c1977 |
||
| 300 |
_aix, 345 p. : _bil. ; _c24 cm. |
||
| 490 | 0 |
_aReceptors and recognition ; serie B; _v1 |
|
| 504 | _aIncluye bibliografía e índice | ||
| 650 | 7 |
_2Lemb _aToxinas bacterianas _xEfectos fisiológicos |
|
| 650 | 7 |
_2Lemb _aToxinas bacterianas _xEspecificidad y acción |
|
| 700 | 1 |
_aCuatrecasas Pedro, _eed. |
|
| 942 |
_2lcc _cLIB |
||
| 999 |
_c33493 _d33493 |
||